Clinical vitaminology : (Record no. 53069)
[ view plain ]
| 000 -LEADER | |
|---|---|
| fixed length control field | 00884cam4a220026500 4500 |
| 001 - CONTROL NUMBER | |
| control field | lce00649556 |
| 008 - FIXED-LENGTH DATA ELEMENTS--GENERAL INFORMATION | |
| fixed length control field | 690227s1968 nyua b 001 0 eng |
| 010 ## - LIBRARY OF CONGRESS CONTROL NUMBER | |
| LC control number | 68024678 |
| 020 ## - INTERNATIONAL STANDARD BOOK NUMBER | |
| International Standard Book Number | 0470045605 |
| 035 ## - SYSTEM CONTROL NUMBER | |
| System control number | (Sirsi) r97415 |
| 035 ## - SYSTEM CONTROL NUMBER | |
| System control number | (DLC) 68024678 |
| 035 ## - SYSTEM CONTROL NUMBER | |
| System control number | (UPRA)lce00649556 |
| 040 ## - CATALOGING SOURCE | |
| Modifying agency | UPRA |
| 050 0# - LIBRARY OF CONGRESS CALL NUMBER | |
| Classification number | QP801.V5 |
| Item number | B23 |
| 082 ## - DEWEY DECIMAL CLASSIFICATION NUMBER | |
| Classification number | 593/.1 |
| 100 1# - MAIN ENTRY--PERSONAL NAME | |
| Personal name | Baker, Herman, 1926- |
| Dates associated with a name | Baker, Herman, 1926- |
| Linkage | A56011.1 |
| 245 10 - TITLE STATEMENT | |
| Title | Clinical vitaminology : |
| Remainder of title | methods and interpretation / |
| Statement of responsibility, etc. | [by] Herman Baker and Oscar Frank. |
| 260 ## - PUBLICATION, DISTRIBUTION, ETC. | |
| Place of publication, distribution, etc. | New York : |
| Name of publisher, distributor, etc. | Interscience Publishers, |
| Date of publication, distribution, etc. | [c1968] |
| 504 ## - BIBLIOGRAPHY, ETC. NOTE | |
| Bibliography, etc. note | Includes bibliographies. |
| 650 #0 - SUBJECT ADDED ENTRY--TOPICAL TERM | |
| Topical term or geographic name entry element | Vitamins. |
| Linkage | S11119.1 |
| 700 1# - ADDED ENTRY--PERSONAL NAME | |
| Personal name | Frank, Oscar, 1932- |
| Dates associated with a name | Frank, Oscar, 1932- |
| Linkage | A56012.1 |
| 949 ## - LOCAL PROCESSING INFORMATION (OCLC) | |
| a | QP801.V5 |
| w | LC |
| i | -138329 |
| m | MEDICAL |
| t | BOOK |
| l | ON-SHELF |
| 949 ## - LOCAL PROCESSING INFORMATION (OCLC) | |
| a | QP801.V5 |
| w | LC |
| i | -138330 |
| m | MEDICAL |
| t | BOOK |
| l | ON-SHELF |
No items available.